Central Library OPAC University of Rajshahi

تاریخ ادبیات ایران بعہد مغولان ;; (Record no. 85581)

MARC details
000 -LEADER
fixed length control field 00649naa a2200205 a 4500
001 - CONTROL NUMBER
control field 85581
003 - CONTROL NUMBER IDENTIFIER
rucl marc code BD-RjUL
005 - DATE AND TIME OF LATEST TRANSACTION
control field 20250827114453.0
008 - FIXED-LENGTH DATA ELEMENTS--GENERAL INFORMATION
fixed length control field 250827s1949 pk ||||| |||| 00| 0 urd d
035 ## - SYSTEM CONTROL NUMBER
System control number (BD-RjUL) 85581
040 ## - CATALOGING SOURCE
Original cataloging agency BD-RjUL
Language of cataloging eng
Transcribing agency BD-RjUL
041 ## - LANGUAGE CODE
Language code of text/sound track or separate title urd
082 ## - DEWEY DECIMAL CLASSIFICATION NUMBER
Edition number 23
Classification number 891.5509
Author mark and year 1952
100 ## - MAIN ENTRY--PERSONAL NAME
Personal name Dawud, Muhammad
9 (RLIN) 16678
245 ## - TITLE STATEMENT
Title تاریخ ادبیات ایران بعہد مغولان ;;
Statement of responsibility, etc. جی براؤن ، محمد داؤد ;; J. Baraun, Muhammad Dawud
260 ## - PUBLICATION, DISTRIBUTION, ETC. (IMPRINT)
Place of publication, distribution, etc. Panjab University :
Date of publication, distribution, etc. 1949
300 ## - PHYSICAL DESCRIPTION
Pagination 870 p. ;
Size 23 cm
650 ## - SUBJECT ADDED ENTRY--TOPICAL TERM
Topical term or geographic name as entry element Iranian literature
Form subdivision History
Geographic subdivision Moghol
9 (RLIN) 16679
942 ## - ADDED ENTRY ELEMENTS (KOHA)
Source of classification or shelving scheme Dewey Decimal Classification
Koha item type Books
Holdings
Lost status Source of classification or shelving scheme Damaged status Not for loan Collection code Permanent Location Current Location Shelving location Date acquired Total Checkouts Full call number Date last seen Copy number Koha item type
  Dewey Decimal Classification   Not For Loan Non-fiction Central Library, University of Rajshahi Central Library, University of Rajshahi Reading Room 27/08/2025   U 891.5509 BRT 1949 27/08/2025 C-1 Books